000 00801nam a2200253 a 4500
999 _c6985
_d6985
001 6985
003 BD-JhCC
005 20180419185637.0
008 820519s1935 enka 000 0 eng d
035 _a(BD-JhCC)6985
040 _aBD-JhCC
_cCarP
_dBD-JhCC
041 _aeng
050 0 0 _aPN6110.C4
_bW463
082 _a821
_bWIL 1958
100 1 _aWilkinson, William Alexander Chaplin,
_d1900- [from old catalog]
245 1 4 _aThe Dragon book of verse /
_cWilliam Alexander Chaplin Wilkinson, Noël Hawtrey Wilkinson
260 _aOxford,
_bThe Clarendon press,
_c1935.
300 _aviii, 160 p.
_billus.
_c19 cm.
650 0 _aChildren's poetry.
650 0 _aEnglish poetry.
700 1 _aWilkinson, Noël Hawtrey,
_d1908- [from old catalog]
942 _2ddc
_cBK